Základní východiska teorie firmy.

Voľba technológie vo firme (produkčná funkcia, input a output, časové horizonty). Možnosti vzájomnej substitúcie práce a kapitálu. Výnosy z rozsahu produkcie. Príjmy a náklady firmy, podmienky dokonalej a nedokonalej konkurencie, druhy nákladov. Voľba outputu. Rovnovážny output v dokonalej konkurenc...

Descrizione completa

Salvato in:
Dettagli Bibliografici
Autore principale: Hořejší, Bronislava
Natura: Capitolo di libro
Lingua:ceco
Soggetti:
Tags: Aggiungi Tag
Nessun Tag, puoi essere il primo ad aggiungerne!!

MARC

LEADER 00000naa a2200000 4500
001 r010578
005 20220831073258.3
041 0 |a cze 
044 |a [CS] 
245 1 0 |a Základní východiska teorie firmy.  |c B. Hořejší 
520 |a Voľba technológie vo firme (produkčná funkcia, input a output, časové horizonty). Možnosti vzájomnej substitúcie práce a kapitálu. Výnosy z rozsahu produkcie. Príjmy a náklady firmy, podmienky dokonalej a nedokonalej konkurencie, druhy nákladov. Voľba outputu. Rovnovážny output v dokonalej konkurencii. Chovanie firmy v postavení monopolu. Rovnováha firmy v monopolnej konkurencii a v podmienkach oligopolu. Cournotov model. 
610 2 0 |a teória firmy 
610 2 0 |a technológia 
610 2 0 |a zisk podnikový 
610 2 0 |a príjmy 
610 2 0 |a náklady 
610 2 0 |a konkurencia 
610 2 0 |a monopoly 
610 2 0 |a oligopoly 
610 2 0 |a metódy ekonomicko-matematické 
610 2 0 |a metóda input-output 
610 2 0 |a funkcie produkčné 
100 1 |a Hořejší, Bronislava